| 000 | 01240na a2200325 4500 | ||
|---|---|---|---|
| 001 | 24198 | ||
| 003 | MIRAKIL | ||
| 005 | 20181226104234.0 | ||
| 008 | 181126b tu 000 0 | ||
| 020 | _a9786050940923 | ||
| 041 | _atur | ||
| 082 |
_a923.2 _bÖ39k 2017 |
||
| 090 | _a923.2 Ö39k 2017 | ||
| 100 | _aÖğüt, Ensar | ||
| 245 |
_aKureşan ocağı _bBir liderin göç yolu Horasandan Anadolu'ya Kemal Kılıçdaroğlu _cEnsar Öğüt, Mesut Özcan |
||
| 246 | _aBir liderin göç yolu Horasandan Anadolu'ya Kemal Kılıçdaroğlu | ||
| 250 | _a5. bs. | ||
| 260 |
_aİstanbul _bDoğan Kitap _c2017 _fMega basım yayın |
||
| 300 |
_a189 s. _bfotğ. _c23 sm. |
||
| 500 | _aCHP Genel Başkan Yardımcısı Yasemin Öney Cankurtaran bağışıdır. | ||
| 500 | _aYapıt yazarından imzalıdır. | ||
| 600 |
_aKılıçdaroğlu, Kemal _cCHP Genel Başkanı _xSoykütüğü _xBelgeler |
||
| 600 |
_aKılıçdaroğlu, Kemal _cCHP Genel Başkanı _xYaşamöyküsü |
||
| 650 |
_aSiyaset ve yönetim _xTürkiye |
||
| 650 |
_aKureşan Ocağı _xBelgeler _xTarih |
||
| 700 | _aÖzcan, Mesut | ||
| 740 | _aBir liderin göç yolu Horasandan Anadolu'ya Kemal Kılıçdaroğlu | ||
| 942 |
_2ddc _cBKS |
||
| 040 |
_aMilas _btur _cTR-AnCHP |
||
| 999 |
_c11797 _d11797 |
||